00297nam a2200109Ia 4500008004100000100002000041245002500061260000900086300003100095440002400126650003700150180117s9999 xx 000 0 und d aby Alex Vergara 2aA Question of Beauty c2017 a10-12 pages, 2017 March 19 aPhilippine Panorama aBEAUTIES WEIGH IN ON THE SUBJECT